El Common Law: su estructura normativa, su enseñanza

Saved in:
Bibliografiske detaljer
Hovedforfatter: Cueto Rúa, Julio César (Author)
Format: Bog
Sprog:spansk
Udgivet: Buenos Aires Abeledo-Perrot 1997
Fag:
Tags: Tilføj Tag
Ingen Tags, Vær først til at tagge denne postø!

MARC

LEADER 00000nam a2200000 a 4500
001 UCP2901
003 CL-VaPUC
008 990604e19970000AG |||||||||||||||||spa|d
082 0 4 |a 340.57  |b CUE  |2 21 
100 |a Cueto Rúa, Julio César  |e author  |9 429885 
245 1 3 |a El Common Law: su estructura normativa, su enseñanza 
300 |a 347 p 
942 |c BK 
945 |d 19990604 00:00:00  |a rbrito 
260 |a Buenos Aires  |b Abeledo-Perrot  |c 1997 
650 0 |a Poder judicial  |9 254871 
650 0 |a Derecho comparado  |9 255664 
650 7 |a DERECHO ESTADOUNIDENSE  |2 CL-VaPUC  |9 385416 
650 0 |a Enseñanza del derecho  |9 354184 
583 |a last modification  |c 20190801 07:58:48  |k Rodrigo Vera 
999 |c 281366  |d 281364 
952 |0 0  |1 0  |4 0  |6 340_570000000000000_CUE_1997  |7 0  |8 A  |9 322081  |a BIBDER  |b BIBDER  |d 2019-11-20  |i 3506592  |o 340.57 CUE 1997  |p 3506592  |r 2023-01-25  |w 2019-11-20  |y BK  |k DER